000 00510nam a2200217Ia 4500
008 210210b1995 xxu||||| |||| 00| 0 eng d
041 _aeng
082 _a520.1 DATG
100 _aDATTA (Pradyot Kumar)
245 _aGlimpse of vedic knowledge on astronomy
260 _aCalcutta
_bSanskrit Pustak Bhandar
_c1995
300 _a54
650 _avedic
650 _aon
650 _aof
650 _aknowledge
650 _aGlimpse
650 _aastronomy
690 _aAstronomy
906 _a051545
999 _c132807
_d132807